000 00658nam a2200181Ia 4500
008 151018s9999 xx 000 0 und d
082 _bRBASDV60065
_a922
100 _aसुदर्शन भाटीया
245 _aशिवराज से विषपान तक
250 _b1
260 _bहिमाचल बुक्स दिल्ली
_c2012
300 _a160
600 _aसुदर्शन भाटीया
630 _aशिवराज से विषपान तक
700 _aसुदर्शन भाटीया
730 _aशिवराज से विषपान तक
942 _cBOOK
999 _c1053658
_d1053655